000 00916nam a2200229 a 4500
008 120416s2004 ||||||||||||||||| || u
020 _a184376282X
050 _aHD 30.2 Mag
100 _aMagalhäaes, Rodrigo, 1950-
245 1 0 _aOrganizational knowledge and technology: an action oriented perspective on organization and information systems
260 _aCheltenham:
_bEdward Elgar
_c2004
300 _aix, 256P.: ill.
350 _a0.00
500 _aIncludes bibliographical references (p. 227-245) and index.
650 0 _aMANAGEMENT
650 _aINFORMATION TECHNOLOGY--MANAGEMENT
650 _aMANAGEMENT INFORMATION SYSTEMS
650 _aINFORMATION TECHNOLOGY
650 0 _aKNOWLEDGE MANAGEMENT
650 _aORGANIZATIONAL BEHAVIOUR
995 _D0.00
_FCBU-MAIN LIBRARY (Kitwe)
_H1
_I27.95
_M1
_UAVAILABLE
_ZMain Library Open Access Collection
999 _c52896
_d52896